Vista normal
Vista MARC
Entrada Término de materia
Número de registros utilizados en: 121
001 - NÚMERO DE CONTROL
- Campo de control: 30793
003 - IDENTIFICADOR DE NÚMERO DE CONTROL
- Campo de control: ES-MaCES
005 - FECHA Y HORA DE LA ULTIMA MODIFICACION
- Campo de control: 19981120175400.0
008 - ELEMENTOS DE DATOS DE LONGITUD FIJA
- Campo de longitud fija: 981120 | azznnbabn || ana d
035 ## - NÚMERO DE CONTROL DEL SISTEMA
- Número de control del sistema: CES19980050038s
040 ## - FUENTE DE LA CATALOGACIÓN
- Agencia original de catalogación: ES-MaCES
- Idioma de catalogación: spa
- Agencia de transcripción: ES-MaCES
150 ## - ENCABEZAMIENTO--MATERIA
- Término de materia o geográfico como elemento de entrada: Cantabria (Comunidad Autónoma)
450 ## - TRAZADO VEÁSE--MATERIA
- Término de materia o nombre geográfico como elemento de entrada: Cantabria (Provincia)
670 ## - FUENTE DE DATOS ENCONTRADOS
- Fuente de citación: GALA
901 ## - CES. DATOS SIRTEX
- ID Sirtex (N5N8): 0007700005003
- 005BIS Sirtex: 199811201754MIG

